|
|
|
|
| LEADER |
01526nam a22003855i 4500 |
| 001 |
978-1-56898-645-6 |
| 003 |
DE-He213 |
| 005 |
20140103144157.0 |
| 007 |
cr nn 008mamaa |
| 008 |
100301s2005 xxu| s |||| 0|eng d |
| 020 |
|
|
|a 9781568986456
|9 978-1-56898-645-6
|
| 024 |
7 |
|
|a 10.1007/1-56898-645-9
|2 doi
|
| 040 |
|
|
|d GrThAP
|
| 050 |
|
4 |
|a NA1-9428
|
| 072 |
|
7 |
|a AM
|2 bicssc
|
| 072 |
|
7 |
|a ARC000000
|2 bisacsh
|
| 082 |
0 |
4 |
|a 720
|2 23
|
| 100 |
1 |
|
|a Stephenson, David.
|e author.
|
| 245 |
1 |
0 |
|a Visions of Heaven
|h [electronic resource] :
|b The Dome in European Architecture /
|c by David Stephenson.
|
| 264 |
|
1 |
|a New York, NY :
|b Princeton Archit.Press,
|c 2005.
|
| 300 |
|
|
|a 192 p.
|b online resource.
|
| 336 |
|
|
|a text
|b txt
|2 rdacontent
|
| 337 |
|
|
|a computer
|b c
|2 rdamedia
|
| 338 |
|
|
|a online resource
|b cr
|2 rdacarrier
|
| 347 |
|
|
|a text file
|b PDF
|2 rda
|
| 505 |
0 |
|
|a Admiration and Awe -- Classical, Byzantine, Islamic, Romanesque, and Gothic Architecture -- The Renaissance -- The Baroque in Southern and Western Europe -- The Baroque and Rococo in Central and Eastern Europe -- The Nineteenth Century -- The Dome in European Architecture.
|
| 650 |
|
0 |
|a Architecture.
|
| 650 |
1 |
4 |
|a Architecture / Design.
|
| 650 |
2 |
4 |
|a Architecture, general.
|
| 710 |
2 |
|
|a SpringerLink (Online service)
|
| 773 |
0 |
|
|t Springer eBooks
|
| 776 |
0 |
8 |
|i Printed edition:
|z 9781568985497
|
| 856 |
4 |
0 |
|u http://dx.doi.org/10.1007/1-56898-645-9
|z Full Text via HEAL-Link
|
| 912 |
|
|
|a ZDB-2-ADE
|
| 950 |
|
|
|a Architecture and Design (Springer-11641)
|